000 00755nam a2200229 i 4500
001 172629
003 ES-MaACL
005 20230906215003.0
007 t|
008 090803s1970 fr ||||1| fre d
080 _a165.731
100 1 _aVax, Louis.
_9113335
245 1 2 _aL'empirisme logique
_b: de Bertrand Russell à Nelson Goodman /
_cpar Louis Vax.
260 _aParis :
_bPresses Universitaires de France,
_c1970.
300 _a122 p. ;
_c18 cm.
490 1 _aSUP. Initiation philosophique ;
_v93
500 _aÍndice.
650 0 4 _aPositivismo lógico.
_916328
830 0 _aSUP. Initiation philosophique ;
_v93
_9182090
852 4 _aES-MaACL
_jE-12922
_9R.139255
_z. - Biblioteca Jacinto Martínez Lacalle
999 _c172629
_d172629